Privatizaciones, mercado de capitales e inversión externa : la experiencia Argentina (Record no. 25041)
[ view plain ]
| 000 -CABECERA | |
|---|---|
| campo de control de longitud fija | 01134caa a22001692a 4500 |
| 001 - NÚMERO DE CONTROL | |
| campo de control | 019312 |
| 003 - IDENTIFICADOR DEL NÚMERO DE CONTROL | |
| campo de control | AR-FADEU |
| 008 - DATOS DE LONGITUD FIJA--INFORMACIÓN GENERAL | |
| campo de control de longitud fija | 311216n########xxu####################dd |
| 092 ## - ASIGNACIÓN LOCAL DE SIGNATURA TOPOGRÁFICA DEWEY (OCLC) | |
| Número de clasificación | D341.59 |
| Número de documento/Ítem | G633 |
| 100 ## - ENTRADA PRINCIPAL--NOMBRE DE PERSONA | |
| Nombre de persona | Jelonche, Edgar I. |
| 245 ## - MENCIÓN DE TÍTULO | |
| Título | Privatizaciones, mercado de capitales e inversión externa : la experiencia Argentina |
| 300 ## - DESCRIPCIÓN FÍSICA | |
| Extensión | PP. 103-120 |
| 500 ## - NOTA GENERAL | |
| Nota general | En: Derecho económico internacional : encuentro acádemico entre la Universidad Católica de Lovaina y la Universidad de Buenos Aires / coor. María Cecilia Gómez Masía. Buenos Aires : La Ley; UBA. Falcultad de Derecho, 2006 |
| 773 0# - ENLACE AL DOCUMENTO FUENTE/ENTRADA DE REGISTRO ANFITRIÓN | |
| Número bibliográfico anfitrión | 25020 |
| Número de ítem anfitrión | 24622 |
| Encabezamiento principal | Gómez Masía, María Cecilia, coor. |
| Edición | |
| Lugar, editor y fecha de publicación | Buenos Aires |
| Otro identificador del documento | 9253 |
| Título | Derecho económico internacional : encuentro acádemico entre la Universidad Católica de Lovaina y la Universidad de Buenos Aires |
| Número de control del registro | ( AR-FADEU) 019291 |
| Número Internacional Normalizado para Publicaciones Seriadas | |
| Número Internacional Estándar del Libro | 987-03-0928-3 |
| 773 0# - ENLACE AL DOCUMENTO FUENTE/ENTRADA DE REGISTRO ANFITRIÓN | |
| Número bibliográfico anfitrión | 25020 |
| Número de ítem anfitrión | 24623 |
| Encabezamiento principal | Gómez Masía, María Cecilia, coor. |
| Edición | |
| Lugar, editor y fecha de publicación | Buenos Aires |
| Otro identificador del documento | 9495 |
| Título | Derecho económico internacional : encuentro acádemico entre la Universidad Católica de Lovaina y la Universidad de Buenos Aires |
| Número de control del registro | ( AR-FADEU) 019291 |
| Número Internacional Normalizado para Publicaciones Seriadas | |
| Número Internacional Estándar del Libro | 987-03-0928-3 |
| 942 ## - ELEMENTOS DE PUNTO DE ACCESO ADICIONAL (KOHA) | |
| Tipo de ítem Koha | BDGR |
No items available.